Environmental engineering (Record no. 5357)

000 -LEADER
fixed length control field 00678nam a2200241 4500
001 - CONTROL NUMBER
control field 5357
003 - CONTROL NUMBER IDENTIFIER
control field BD-DhUET
008 - FIXED-LENGTH DATA ELEMENTS--GENERAL INFORMATION
fixed length control field 141126b xxu||||| |||| 00| 0 eng d
020 ## - INTERNATIONAL STANDARD BOOK NUMBER
International Standard Book Number 0071002316
040 ## - CATALOGING SOURCE
Transcribing agency 0
Modifying agency BD-DhUET
082 ## - DEWEY DECIMAL CLASSIFICATION NUMBER
Classification number 628
Item number PEA/1985
100 ## - MAIN ENTRY--PERSONAL NAME
Personal name Peavy, Howard S
245 ## - TITLE STATEMENT
Title Environmental engineering
250 ## - EDITION STATEMENT
Edition statement 1st ed.
260 ## - PUBLICATION, DISTRIBUTION, ETC. (IMPRINT)
Place of publication, distribution, etc. New york
Name of publisher, distributor, etc. McGraw-Hill
Date of publication, distribution, etc. 1985
300 ## - PHYSICAL DESCRIPTION
Extent xiv,699 p.+various paging
Other physical details ill.
490 ## - SERIES STATEMENT
Series statement McGraw-Hill series in water resources and environmental engineering
504 ## - BIBLIOGRAPHY, ETC. NOTE
Bibliography, etc Includes bibliographies
650 #0 - SUBJECT ADDED ENTRY--TOPICAL TERM
Topical term or geographic name as entry element Environmental engineering
700 ## - ADDED ENTRY--PERSONAL NAME
Personal name Rowe, Donald R.
700 ## - ADDED ENTRY--PERSONAL NAME
Personal name Tchobanoglous, George
942 ## - ADDED ENTRY ELEMENTS (KOHA)
Koha item type General Book
Holdings
Price effective from Koha issues (times borrowed) Shelving location Koha date last borrowed Withdrawn status Piece designation (barcode) Sublocation or collection (holding branch) Lost status Source of classification or shelving scheme Koha item type Koha date last seen Date acquired Not for loan Location (home branch) Koha full call number Koha renewals Koha normalized classification for sorting Damaged status Copy number
2014-11-269Circulation section2023-12-10 81896Central Library, BUET  General Book2024-09-082014-11-26 Central Library, BUET628/PEA/1985 628PEA1985 1
2014-11-2610Circulation section2024-03-16 81895Central Library, BUET  General Book2024-06-022014-11-26 Central Library, BUET628/PEA/1985 628PEA1985 2
2015-06-18 Reading section  88788Central Library, BUET  Reading Item2015-06-182015-06-18 Central Library, BUET628/PEA/1985 628_000000000000000_PEA_1985 3
2015-06-18 Reading section  87579Central Library, BUET  Reading Item2015-06-182015-06-18 Central Library, BUET628/PEA/1985 628_000000000000000_PEA_1985 4
2017-10-312Circulation section2020-03-16 81894Central Library, BUET  General Book2021-11-131991-10-28 Central Library, BUET628/PEA/1985 628_000000000000000_PEA_1985 5
2024-12-01 Rental section  81847Central Library, BUET  Rental Item2024-12-011991-10-28 Central Library, BUET628 PEA/1985 628_000000000000000_PEA_1985 ক-৫১
2024-12-01 Rental section  81874Central Library, BUET  Rental Item2024-12-011991-10-28 Central Library, BUET628 PEA/1985 628_000000000000000_PEA_1985 ক-৭৮
2024-12-01 Rental section  81875Central Library, BUET  Rental Item2024-12-011991-10-28 Central Library, BUET628 PEA/1985 628_000000000000000_PEA_1985 ক-৭৯
2024-12-01 Rental section  81876Central Library, BUET  Rental Item2024-12-011991-10-28 Central Library, BUET628 PEA/1985 628_000000000000000_PEA_1985 ক-৮০
2024-12-01 Rental section  81877Central Library, BUET  Rental Item2024-12-011991-10-28 Central Library, BUET628 PEA/1985 628_000000000000000_PEA_1985 ক-৮১
2024-12-01 Rental section  81878Central Library, BUET  Rental Item2024-12-011991-10-28 Central Library, BUET628 PEA/1985 628_000000000000000_PEA_1985 ক-৮২
2024-12-01 Rental section  81879Central Library, BUET  Rental Item2024-12-011991-10-28 Central Library, BUET628 PEA/1985 628_000000000000000_PEA_1985 ক-৮৩
2024-12-01 Rental section  81880Central Library, BUET  Rental Item2024-12-011991-10-28 Central Library, BUET628 PEA/1985 628_000000000000000_PEA_1985 ক-৮৪
2024-12-01 Rental section  81881Central Library, BUET  Rental Item2024-12-011991-10-28 Central Library, BUET628 PEA/1985 628_000000000000000_PEA_1985 ক-৮৫
2024-12-01 Rental section  81882Central Library, BUET  Rental Item2024-12-011991-10-28 Central Library, BUET628 PEA/1985 628_000000000000000_PEA_1985 ক-৮৬
2024-12-01 Rental section  81883Central Library, BUET  Rental Item2024-12-011991-10-28 Central Library, BUET628 PEA/1985 628_000000000000000_PEA_1985 ক-৮৭
2024-12-01 Rental section  81884Central Library, BUET  Rental Item2024-12-011991-10-28 Central Library, BUET628 PEA/1985 628_000000000000000_PEA_1985 ক-৮৭